Statistiques concernant Course à l'Espace : USA ou URSS?

Cliquez ici pour prendre le quiz!

Statistiques générales

  • Ce quiz a été pris 1 960 fois
  • Le résultat moyen est 11 sur 20

Statistiques - réponses

QuestionRéponse% Correct
Homme sur la LuneUSA
92%
Animal mis en orbiteURSS
89%
Satellite artificiel mis en orbiteURSS
86%
Homme effectuant un voyage dans l'EspaceURSS
83%
Découverte de la ceinture de radiations de Van HalenUSA
75%
Satellite météorologiqueUSA
64%
Satellite géostationnaireUSA
57%
Homme orbitant autour de la LuneUSA
57%
Vol au-dessus de la LuneURSS
56%
Femme effectuant un voyage dans l'EspaceURSS
56%
Satellite de communicationsUSA
56%
Photographie de la Terre depuis l'EspaceUSA
55%
Station spatialeURSS
51%
Récupération d'un objet artificiel étant allé dans l'EspaceUSA
45%
Sortie extra-véhiculaireURSS
40%
Objet artificiel posé sur la LuneURSS
37%
Objet artificiel posé sur VénusURSS
35%
Photographie de la face cachée de la LuneURSS
34%
Objet artificiel posé sur MarsURSS
15%
Récupération d'un échantillon de sol lunaireURSS
11%

Distribution des résultats

Percentile par nombre de réponses

% des personnes avec chaque résultat

Votre développement - résultats

Vous n’avez pas pris ce quiz